000 01037nam a2200277Ia 4500
003 OSt
005 20221005105404.0
006 a|||||r|||| 00| 0
007 ta
008 221004b |||||||| |||| 00| 0 san d
020 _a9788181294548 (hbk)
_cINR 2950.00
024 _a36994
037 _b378, 10/03/2018, Eastern Book Linkers
_cTextual
040 _aCRL
_cCRL
_bsan
041 _2san
_asan
082 _aO152,1J32x, Q8.1-.2
100 _aपाण्डेय, मिथिलेश, संपा.
245 0 _aतुलसी ग्रंथावली
246 _aTulasī granthāvalī
260 _aनई दिल्ली
_bनमन प्रकाशन भारत
_c2018
490 _vभाग1
650 _a हिन्दी साहित्य
650 _aहिन्दी कविता
942 _hO152,1J32x, Q8.1-.2
_cTEXL
_2cc
999 _c1015678
_d1015678